Welcome to CU Library Online Public Access Catalogue (OPAC)

How to Write and Publish a Scientific Paper (Record no. 797)

MARC details
000 -LEADER
fixed length control field 00411nam a2200157Ia 4500
005 - DATE AND TIME OF LATEST TRANSACTION
control field 20241107124008.0
008 - FIXED-LENGTH DATA ELEMENTS--GENERAL INFORMATION
fixed length control field 200919s9999||||xx |||||||||||||| ||und||
020 ## - INTERNATIONAL STANDARD BOOK NUMBER
International Standard Book Number 706982665
050 ## - LIBRARY OF CONGRESS CALL NUMBER
Classification number T11
Item number DAY
082 ## - DEWEY DECIMAL CLASSIFICATION NUMBER
Classification number 808.066
Item number DAY-H
100 ## - MAIN ENTRY--PERSONAL NAME
Personal name Day, Robert A
245 #0 - TITLE STATEMENT
Title How to Write and Publish a Scientific Paper
260 ## - PUBLICATION, DISTRIBUTION, ETC.
Place of publication, distribution, etc. New Delhi
Name of publisher, distributor, etc. Vikas Publishing House
Date of publication, distribution, etc. 1979
300 ## - PHYSICAL DESCRIPTION
Extent 160p
942 ## - ADDED ENTRY ELEMENTS (KOHA)
Source of classification or shelving scheme Library of Congress Classification
Koha item type Books
Suppress in OPAC No
999 ## -
-- 797
-- 797
Holdings
Withdrawn status Lost status Source of classification or shelving scheme Damaged status Not for loan Home library Current library Shelving location Date acquired Total checkouts Full call number Barcode Date last seen Price effective from Koha item type Collection
    Library of Congress Classification     Undergraduate Library (Christ Temple) Undergraduate Library (Christ Temple) General stacks 11/07/2024   T11 DAY ulct00000187 11/07/2024 11/07/2024 Books  
    Library of Congress Classification     Undergraduate Library (Christ Temple) Undergraduate Library (Christ Temple)   11/07/2024   T11 DAY ulct00000188 11/07/2024 11/07/2024 Books Non-fiction
© 2023-2024 Copyright: Central University Libraries. All Rights Reserved | Created by: Mahone Tech Office